La policía de los colombianos / (Registro nro. 4288)
[ vista simple ]
| 000 -LEADER | |
|---|---|
| fixed length control field | 00762nam a2200217Ia 4500 |
| 003 - CONTROL NUMBER IDENTIFIER | |
| control field | OSt |
| 005 - DATE AND TIME OF LATEST TRANSACTION | |
| control field | 20200903134840.0 |
| 008 - FIXED-LENGTH DATA ELEMENTS--GENERAL INFORMATION | |
| fixed length control field | 191128s2011 ck ao gr 001 0 spa d |
| 020 ## - INTERNATIONAL STANDARD BOOK NUMBER | |
| International Standard Book Number | 9789588293851 |
| 040 ## - CATALOGING SOURCE | |
| Original cataloging agency | CO-JMCR |
| Transcribing agency | CO-JMCR |
| 041 0# - LANGUAGE CODE | |
| Language code of text/sound track or separate title | spa |
| 082 04 - DEWEY DECIMAL CLASSIFICATION NUMBER | |
| Classification number | 355.03 / |
| Item number | E746p |
| Edition number | 23 |
| 100 1# - MAIN ENTRY--PERSONAL NAME | |
| Personal name | Escobar Jaramillo, Santiago, |
| Relator term | fotógrafo |
| 9 (RLIN) | 9731 |
| 245 13 - TITLE STATEMENT | |
| Title | La policía de los colombianos / |
| Statement of responsibility, etc. | fotografía, Santiago Escobar Jaramillo |
| 260 ## - PUBLICATION, DISTRIBUTION, ETC. | |
| Place of publication, distribution, etc. | Bogotá : |
| Name of publisher, distributor, etc. | Villegas Editores, |
| Date of publication, distribution, etc. | 2011 |
| 300 ## - PHYSICAL DESCRIPTION | |
| Extent | 227 páginas : |
| Other physical details | fotografías a color ; |
| Dimensions | 29 cm. |
| 500 ## - GENERAL NOTE | |
| General note | Incluye índice de artistas. |
| 650 14 - SUBJECT ADDED ENTRY--TOPICAL TERM | |
| Topical term or geographic name entry element | Policía |
| General subdivision | relaciones con la comunidad |
| Form subdivision | fotografías |
| Geographic subdivision | Colombia |
| 9 (RLIN) | 9732 |
| 650 14 - SUBJECT ADDED ENTRY--TOPICAL TERM | |
| Topical term or geographic name entry element | Seguridad ciudadana |
| Form subdivision | fotografías |
| Geographic subdivision | Colombia |
| 9 (RLIN) | 9733 |
| 942 ## - ADDED ENTRY ELEMENTS (KOHA) | |
| Source of classification or shelving scheme | Dewey Decimal Classification |
| Koha item type | Books |
| Withdrawn status | Lost status | Source of classification or shelving scheme | Damaged status | Not for loan | Collection code | Home library | Current library | Date acquired | Source of acquisition | Total Checkouts | Total Renewals | Full call number | Barcode | Date last seen | Date last checked out | Copy number | Koha item type |
|---|---|---|---|---|---|---|---|---|---|---|---|---|---|---|---|---|---|
| Dewey Decimal Classification | Non-fiction | Biblioteca Pública José María del Castillo y Rada | Biblioteca Pública José María del Castillo y Rada | 12/01/2018 | Donación | 1 | 2 | 355.03 / E746p | 201809124 | 05/16/2024 | 09/20/2022 | Ej.1 | Books |